Najczęściej nadawane imiona w Polsce w 2024 roku - Statystyki

Ogólne statystyki
  • Ten quiz został rozwiązany 220 razy
  • Średni wynik to 10 z 20
Statystyki odpowiedzi
Kolejność Odpowiedź % Poprawnych
4. Antoni
68%
2. Jan
68%
6. Julia
66%
2. Zofia
66%
8. Jakub
62%
3. Zuzanna
62%
1. Maja
57%
1. Nikodem
54%
10. Maria
53%
5. Franciszek
47%
9. Stanisław
47%
4. Hanna
45%
3. Aleksander
41%
7. Oliwia
39%
6. Leon
36%
9. Alicja
34%
5. Laura
33%
8. Pola
29%
7. Ignacy
25%
10. Mikołaj
25%
Nie znaleziono quizów pasujących do podanych kryteriów
Rozkład punktacji
Procent ludzi z każdym wynikiem
Percentyl według liczby udzielonych odpowiedzi
Twoja historia wyników
Nie rozwiązałeś tego quizu